| 000 | 00909nam a22002777a 4500 | ||
|---|---|---|---|
| 999 |
_c4161 _d4161 |
||
| 003 | AR-CdUCM | ||
| 008 | 190308b ||||| |||| 00| 0 spa d | ||
| 020 | _a43-4087-3 | ||
| 040 |
_aMUNICIPALIDAD PROVINCIAL DEL CUSCO _cBIBLIOTECA MUNICIPAL DEL CUSCO |
||
| 082 |
_22ed. _a743 / _bEC18 |
||
| 100 |
_aEchevarria Baleta, Mario _913180 |
||
| 245 |
_aKai ajnun : _bEl milenario arte Tehuelche de los Quillangos pintados / |
||
| 260 |
_aChile : _bOffset Don Bosco, _c1994. |
||
| 300 |
_a80 paginas ; _bIlustraciones en color, _c21 cm. |
||
| 500 | _aDonación de la Familia Nieto | ||
| 505 | _aArte | ||
| 700 |
_aCasamiquela, Rodolfo _913181 |
||
| 700 |
_aSainol, Andrés _913182 |
||
| 700 |
_aYatel, Frenando _913183 |
||
| 700 |
_aDora, María _913184 |
||
| 700 |
_aManchado, Josefa _913185 |
||
| 700 |
_aPascual, Luis _913186 |
||
| 700 |
_aIbáñez, Rufino _913187 |
||
| 942 |
_2ddc _cLIBROS |
||
| 945 | _awnts | ||